[Event "Julian Borowski-A 4th"]
[Site "Essen"]
[Date "2002.05.18"]
[Round "3"]
[White "Zvjaginsev, Vadim"]
[Black "Leko, Peter"]
[Result "1/2-1/2"]
[WhiteElo "2645"]
[BlackElo "2707"]
[Annotator "Krasenkow,M"]
[PlyCount "36"]
[EventDate "2002.05.16"]
[EventType "tourn"]
[EventRounds "9"]
[EventCountry "GER"]
[EventCategory "16"]
[SourceTitle "CBM 090"]
[Source "ChessBase"]
[SourceDate "2002.09.20"]
[SourceVersion "1"]
[SourceVersionDate "2002.09.20"]
[SourceQuality "1"]

1. c4 g6 2. d4 Nf6 3. Nc3 d5 4. cxd5 Nxd5 5. e4 Nxc3 6. bxc3 Bg7 7. Qa4+ Nd7 {
This natural move was played in the stem game Janjgava-Krasenkow (Vilnius,
1988). However,} (7... Qd7 {is apparently more accurate.}) 8. Nf3 O-O 9. Bg5 c5
({An immediate} 9... h6 {is also possible, e.g.} 10. Be3 (10. Bh4 c5 11. Rc1 g5
12. Bg3 Nb6 13. Qa3 cxd4 {1/2-1/2 Dreev,A-Gulko,B/New York 1989/CBM 12 (13)})
10... c5 {leads to the main line} (10... b6 $6 11. Bb5 Nf6 12. e5 Nd5 13. Bc6
Rb8 14. Qxa7 $16 {1-0 Polgar,Z-Garcia,G/Salamanca 1989/CBM 13 (47)})) 10. Rb1 (
10. Rd1 {needs more tests. Practice has seen:} Qc7 11. Be2 e5 $5 (11... Nf6 $6
12. d5 Bd7 13. Qc2 Qa5 14. Nd2 b5 15. O-O c4 16. Nf3 Qc7 17. h3 Rab8 18. Rfe1
$16 b4 $2 19. cxb4 Rxb4 20. e5 c3 21. d6 {1-0 Schandorff,L-Jasnikowski,Z/
Copenhagen 1989/EXT 97 (21)}) 12. O-O a6 13. Qa3 exd4 14. cxd4 cxd4 15. Nxd4
Qe5 $13 16. Be7 $6 (16. Qe3 $5) 16... Re8 17. Bd6 Qxe4 18. Bf3 Qh4 19. Nb5 Ne5
20. Nc7 Nxf3+ 21. gxf3 $6 (21. Qxf3 Bg4 22. Qxb7 $13) 21... Bh3 22. Nxe8 Rxe8
$44 {0-1 Parulava,T-Wilhelmi,C/Leipzig 1995/EXT 97 (58)}) (10. Rc1 {is the
main line.}) 10... h6 {Here, too, the plan with ...Qc7 and ...e5 is quite
possible:} (10... Qc7 11. Bd3 cxd4 $6 {This opening of the c-file for White is
certainly anti-positional despite the fact that tactical circumstances favour
Black.} (11... e5 $5) 12. cxd4 e5 13. Rc1 Qd6 14. d5 Nc5 15. Qc2 Nxd3+ 16. Qxd3
f5 $6 (16... Bd7 17. O-O Rac8 18. Nd2 $14) 17. Nd2 f4 18. f3 $6 {Too soft.} (
18. Qb5 $1 h6 (18... a6 19. Qc5) (18... Bd7 19. Qxb7 Rab8 20. Nc4 $1) 19. Nc4
$1 Qc7 20. d6 Qd7 21. Qb3 $1 $16) 18... Bd7 19. Nc4 Qc5 20. Qa3 Qxa3 21. Nxa3
Rfc8 $11 {0-1 Volkov,S-Mamedyarov,S/Dubai UAE 2002/The Week in Chess 388 (52)})
11. Be3 a6 {[%cal Yb7b5,Yc8b7] Too slow.} (11... Nb6 12. Qb3 cxd4 13. cxd4 Bg4
14. Be2 Rc8 15. Rd1 $6 (15. O-O $14) 15... Bd7 16. Qa3 Ba4 17. Rc1 Bc2 $11 {
1-0 Volkov,S-Timofeev,A/Tomsk 2001/CBM 82 ext (43).}) (11... Qc7 $5 {is the
most natural move, however, never seen in practice so far.}) 12. Qa3 cxd4 13.
cxd4 Nf6 14. Bd3 Ng4 15. O-O {Vadim Zviagintsev was leading the tournament and
didn't want to take any risk.} (15. Bd2 $5 Bxd4 16. O-O {looked very strong,
with a serious development advantage for the sacrificed pawn.}) 15... Nxe3 16.
fxe3 b6 (16... Rb8 17. e5 b5 {was more natural}) 17. e5 {[%csl Ge5,Rg7]} Bb7
18. Qb4 b5 {Both players apparently didn't like the position, which was, in
fact, roughly equal, e.g.} (18... b5 19. a4 Bxf3 (19... Bc6 $2 20. axb5 axb5
21. Bxb5 $16) 20. Rxf3 bxa4 (20... Bxe5 $6 21. axb5 axb5 22. Qb3) 21. Qxa4 a5
$11 {White's strong centre and kingside initiative is compensated by Black's
passed pawn.}) 1/2-1/2

[Event "Minneapolis HB Global op"]
[Site "Minneapolis"]
[Date "2005.05.21"]
[Round "6"]
[White "Mikhalevski, Victor"]
[Black "Kudrin, Sergey"]
[Result "1/2-1/2"]
[WhiteElo "2572"]
[BlackElo "2554"]
[Annotator "Krasenkow,M"]
[PlyCount "108"]
[EventDate "2005.05.18"]
[EventType "swiss"]
[EventRounds "9"]
[EventCountry "USA"]
[SourceTitle "CBM 107"]
[Source "ChessBase"]
[SourceDate "2005.08.01"]
[SourceVersion "1"]
[SourceVersionDate "2005.08.01"]
[SourceQuality "1"]

1. d4 Nf6 2. c4 g6 3. Nc3 d5 4. cxd5 Nxd5 5. e4 Nxc3 6. bxc3 Bg7 7. Nf3 c5 8.
Rb1 O-O 9. Be2 b6 10. O-O Bb7 11. Qd3 Ba6 12. Qe3 Qd7 13. d5 {About this line
- see CBM89 (annotations to Moiseenko - Kovchan) and CBM104 (Avrukh -
Harikrishna). White sacs a pawn to push forward his pawn centre.} Bxe2 14. Qxe2
Bxc3 15. Bh6 Bg7 16. Bxg7 Kxg7 17. Rfd1 Qa4 $5 {Activating the queen and
freeing the d7 square for the knight.} (17... Kg8 18. Rb3 Rc8 19. e5 {[%csl
Gd5,Ge5]} c4 20. e6 fxe6 21. Ne5 Qe8 (21... Qc7 22. Rg3 {[%csl Rg8]}) 22. Nxc4
Na6 23. Qxe6+ $40 {1-0 Moiseenko,A-Kovchan,A/Kharkov 2002/CBM 089/[Krasenkow] 
(44)}) 18. Rbc1 (18. Rb3 $5 Nd7 $5) 18... Nd7 19. e5 (19. Rc4 Qa6 20. e5 b5 $2
(20... Rad8 $1) 21. Rh4 h6 22. Qe3 Rh8 23. e6 fxe6 24. d6 Qxa2 25. Ne5 exd6 26.
Nxd7 Rae8 27. Qf4 e5 28. Qf6+ Kh7 29. Qxd6 Re6 30. Nf8+ {1-0 Pein,M-Newman,T/
Parsippany 2003/EXT 2004}) 19... Rad8 $1 {This rook must press the d5 pawn.}
20. Rc4 (20. e6 $6 {is premature:} Nf6 21. exf7 Qe4 22. Qxe4 Nxe4 23. Re1 Nf6
24. Ng5 Rxd5 25. h4 Rxf7 26. Nxf7 Kxf7 $15 {_|_ 0-1 Gelfand,B-Svidler,P/Monte
Carlo 2005/CBM 105 ext (52)}) 20... Qa6 {The pin is quite annoying as it
restricts White's attacking possibilities.} 21. Qc2 (21. h4 b5 {and the rook
has no h4 square anymore}) (21. a4 $5) 21... f6 $1 22. Re4 (22. e6 Ne5 23. Nxe5
fxe5 $132) 22... Nxe5 23. Nxe5 fxe5 24. Rxe5 Rf7 {The position has simplified 
(the knight exchange is very important!) and it is now easier for Black to
stand White's pressure.} 25. h4 Rd6 26. h5 Qc8 27. Qe4 Qd8 28. Rd3 b5 {Playing
his own trumps.} 29. hxg6 Rxg6 30. Rh3 Kg8 31. Re6 Rfg7 32. d6 $5 {White must
complicate the game; otherwise, after, say,} (32. Rxg6 Rxg6 33. Rf3 {Black can
gradually make use of his extra pawn.}) 32... Rxg2+ (32... Rxe6 $6 33. Qxe6+
Kh8 34. d7 {[%csl Gd7]}) 33. Kf1 R2g4 34. Qc6 Rd4 {In all cases White's
counterplay proves sufficient for a draw. At the end either White gives a
perpetual or Black is forced to:} (34... Rg1+ 35. Ke2 Ra1 36. Qd5 Kh8 37. Rxe7
$1 Rxe7+ 38. dxe7 Qxd5 (38... Qxe7+ $2 39. Re3) 39. e8=Q+ Qg8 40. Qe5+ $11) (
34... Kh8 35. Rg3 $5 Rxg3 36. fxg3 Rxg3 (36... Qg8 37. d7 (37. dxe7 $143 Rxe7
$1) 37... Rxg3 38. Qc8 Rf3+ 39. Ke1 Rf8 40. Qxf8 $1 Qxf8 41. Rc6) (36... Qf8+
37. Kg2 Rxg3+ 38. Kxg3 Qg8+ 39. Kf4 Qxe6 40. Qe8+ Kg7 41. d7 $11) 37. Rxe7 (37.
d7 Rd3) 37... Qf8+ 38. Ke2 Qf5 39. Qe8+ Rg8 40. d7 $11) 35. Rhe3 ({After} 35.
Rxe7 $5 Rxe7 36. dxe7 Qxe7 37. Re3 {White should not lose either.}) 35... Kh8 {
[%cal Cc6c5,Rd4d6]} 36. Qxc5 $2 (36. Rxe7 {was correct. Black had certainly
prepared} Rxd6 $1 37. Re8+ Rg8 $1 {but after} 38. Rxg8+ Kxg8 39. Rg3+ Kh8 40.
Qxc5 {he has few winning chances, e.g.} Rd1+ 41. Kg2 Qd5+ 42. Qxd5 Rxd5 43. Ra3
Rd7 44. Ra5 Rb7 45. Ra6 {and the rook endgame is drawn.}) 36... Rxd6 37. Rxd6
Qxd6 38. Qc8+ ({The queen endgame after} 38. Qxb5 Qd1+ 39. Re1 Rg1+ 40. Kxg1
Qxe1+ 41. Kg2 Qe4+ {is dangerous for White but the rook endgame is not a
better option.}) 38... Rg8 39. Qc3+ Qf6 40. Qxf6+ ({Or} 40. Qe5 Qxe5 41. Rxe5 {
In this endgame Black must get an active position for his rook on a3(a4)
forcing the white rook to the second rank; then he will gradually win pushing
his king and h-pawn. He can reach it with} a6 $1 42. Rxe7 (42. a4 b4 {[%cal
Ce5e7,Yg8b8]}) (42. Re6 Rg6 $1) 42... Rg4 $19 {[%cal Cf2f3,Cf3g4,Yg4a4]}) 40...
exf6 {[%mdl 4096]} 41. Re6 (41. Re7 a5 $19) 41... f5 (41... Rg4 $5 {was
apparently not enough:} 42. Re8+ Kg7 43. Re7+ Kg6 44. Rxa7 h5 (44... Ra4 45.
Rb7 b4 46. Kg2 Kf5 (46... h6 47. Rb5 Kf7 48. Kg3 Ke6 49. f4 Kd6 50. Kg4 Kc6 51.
Rf5 $132) 47. Rxh7 Rxa2 48. Rb7 Rb2 49. Kf3 $11) 45. a3 (45. Rb7 h4 $1 46. f3
Rg5) 45... h4 46. Ra8 Rg5 47. Rh8 Rh5 48. Ra8 {etc.}) 42. Re5 (42. Ra6 Rg7 43.
Rf6 Rg4 $1 44. Rxf5 a6 $19) (42. f3 Rc8 43. Ra6 Rc7 {must be winning for Black,
too.}) 42... Rb8 $2 {With this passive position of his rook, Black can't win.}
(42... a6 $1 {was correct:} 43. Rxf5 (43. Re6 Rg6) (43. f3 Rc8 $1) 43... Rg4 $1
{[%cal Yg4a4]} 44. f4 Rg3 {[%cal Yg3a3] and Black gets his dream position.})
43. Rxf5 Kg7 44. Rc5 a5 45. Ke2 {The point is that Black can't create a passed
pawn on the q-side keeping his rook behind it.} a4 46. a3 Kg6 (46... b4 47.
axb4 Rxb4 48. Ke3 {[%cal Yf2f4]} Rb3+ 49. Ke4 a3 50. Ra5 Kg6 51. f4 $11) 47. f4
b4 48. axb4 Rxb4 49. Rg5+ Kf6 50. Rh5 a3 51. Rxh7 Ra4 52. Rh1 Kf5 53. Kd3 a2
54. Ra1 Kxf4 1/2-1/2

[Event "Montreal 2nd"]
[Site "Montreal"]
[Date "2001.08.11"]
[Round "9"]
[White "Hebert, Jean"]
[Black "Turov, Maxim"]
[Result "0-1"]
[WhiteElo "2427"]
[BlackElo "2550"]
[Annotator "Krasenkow,M"]
[PlyCount "66"]
[EventDate "2001.08.02"]
[EventType "tourn"]
[EventRounds "11"]
[EventCountry "CAN"]
[EventCategory "9"]
[SourceTitle "CBM 085"]
[Source "ChessBase"]
[SourceDate "2001.11.13"]
[SourceVersion "1"]
[SourceVersionDate "2001.11.13"]
[SourceQuality "1"]

1. d4 Nf6 2. c4 g6 3. Nc3 d5 4. cxd5 Nxd5 5. e4 Nxc3 6. bxc3 Bg7 7. Nf3 c5 8.
Rb1 O-O 9. Be2 Nd7 10. O-O Qc7 {This system of development is a bit passive
but it is still not easy for White to obtain an advantage.} 11. Bd3 {A classic
continuation. The bishop takes the most appropriate square. Other options:} (
11. e5 $6 {prematurely gives up the d5 point:} Rd8 12. Bf4 Nb6 13. Rb5 cxd4 14.
cxd4 Be6 15. Qb1 Qd7 16. Bd2 Bd5 17. Rc1 Rac8 18. Rcc5 Rxc5 19. Rxc5 Rc8 20.
Rxc8+ Qxc8 $15 {0-1 Shkliar,A-Vorobiov,E/Togliatty 2001/CBM 83 ext (43)}) (11.
Be3 {This is not the best square for this bishop.} Nf6 (11... b6 $5 12. Qd3 Nf6
13. d5 c4 $1 14. Qc2 e6 15. d6 Qc6 16. e5 Nd5 17. Bg5 Bb7 18. Qd2 f6 19. Nd4
Qd7 20. exf6 Bxf6 21. Bh6 Rfe8 $13 {0-1 Kitte,S-Gross,R/Germany 1993/TD (30)})
12. Nd2 (12. Qd3 b6 {-see above}) 12... e5 $5 13. dxc5 (13. d5 Ne8 {/\ Nd6}) (
13. dxe5 $6 Qxe5) 13... Be6 14. Qa4 Rfc8 (14... Nd7 15. Qb4 Bxa2 $1 16. Qxb7
Rfc8 17. Qxc7 Rxc7 18. Rb5 Be6 19. Bc4 Bxc4 20. Nxc4 Bf8 $11 {Manakova,M-Zakic,
S/Nis 1993/Inf 59 (20)}) 15. Bc4 Bxc4 16. Qxc4 Bf8 17. h3 Bxc5 18. Qxc5 Qxc5
19. Bxc5 Rxc5 20. Rxb7 Rd8 21. Nf3 Nxe4 22. Re1 Nd6 23. Rxa7 e4 24. Nd2 f5 25.
Nb3 Rxc3 {1/2-1/2 Lingnau,C-Roos,D/Germany 1995/GER-chT (37)}) (11. Bg5 {
This square is more appropriate but the bishop can be pushed away from here.}
Nf6 (11... Re8 12. Qd3 b6 13. Rbd1 Bb7 14. d5 $6 (14. Qe3 $5) 14... Ne5 15.
Nxe5 Qxe5 16. f4 $2 (16. Qe3 $142 Qxc3 $140 17. Qxc3 Bxc3 18. Bb5 f6 19. Bxe8
Rxe8 20. Bd2) 16... Qxc3 17. Qxc3 Bxc3 18. Bb5 f6 19. Bxe8 Rxe8 20. Bh4 Ba6 21.
Rf3 Be2 $17 {0-1 Luyks,M-Santos,A/POR-chT 1994/EXT 98 (32)}) 12. Bd3 (12. Qd3
h6 (12... b6 13. h3 Bb7 14. d5 c4 15. Qe3 Ne8 16. Bf4 Nd6 17. Nd4 Qd7 18. Rb4
Rac8 19. Rd1 Rc5 20. a4 Bc8 21. e5 $16 {1-0 Cruz Lopez Claret,C-Iglesias Leon,
F/La Coruna 1996/EXT 97 (35)}) (12... e6 13. Rfd1 b6 14. Ne5 Bb7 15. Bf3 Rac8
16. Qe3 Nd7 17. Nxd7 Qxd7 18. dxc5 Qa4 19. Be7 Rfe8 20. Bd6 $16 {1-0 Petursson,
M-Cocozza,M/Thessaloniki 1984/EXT 97-B (29)}) 13. Be3 (13. Bd2 b6 14. d5 e6 15.
d6 Qc6 16. e5 Nd7 17. Bf4 Bb7 18. Qe3 Qe4 19. Bb5 (19. Qd2 Nxe5 20. Rfe1 Nc4
$17 {0-1 Vavrak,P-Turov,M/Cappelle la Grande 2000/CBM 74 ext (42)}) 19... Qxe3
20. fxe3 Rfd8 21. Bxd7 Rxd7 22. Rb2 Rf8 23. Rbf2 Bxf3 24. Rxf3 f6 25. Bg3 fxe5
26. Rxf8+ Bxf8 27. Rf6 Bg7 (27... Rxd6 $17) 28. Rxg6 Kf7 29. Rg4 Bf6 30. Ra4
$11 {1/2-1/2 Riazantsev,A-Turov,M/Moscow 1999/CBM 75 (31)}) 13... b6 14. d5 Ng4
15. Bd2 f5 16. h3 Ne5 17. Nxe5 Qxe5 18. Bf3 f4 $13 {1-0 Najer,E-Turov,M/
Kolontaevo 1997/EXT 99 (51)}) 12... h6 13. Bd2 (13. Bh4 $5 Nh5 14. e5 b6 15.
Be4 Rb8 16. Qd2 Kh7 17. Rfe1 f5 18. exf6 exf6 19. d5 Qd6 $13 {1-0 De Villiers,
C-Sisniega,M/Manila 1992/TD (75). (75)}) (13. Be3 $5 Ng4 14. Bd2 cxd4 $6 15.
cxd4 Bxd4 16. h3) 13... Rd8 14. Qc1 cxd4 15. cxd4 Qxc1 16. Rfxc1 Ne8 17. Be3 b6
18. Bb5 Bb7 19. Bc6 Bxc6 20. Rxc6 Nf6 21. Nd2 Rac8 22. Rbc1 Rxc6 23. Rxc6 Ng4 {
1/2-1/2 Eriksson,J-Skytte,R/Stockholm 2000/CBM 76 ext (23)}) (11. Qb3 $5 {
With the idea of a queenside attack (a2-a4-a5).} b6 (11... Rb8 12. a4 b6 13. e5
e6 14. Bg5 Re8 15. Qa2 Bb7 16. Qd2 Rbc8 17. Rfc1 f6 18. exf6 Nxf6 19. Bf4 Qe7
20. a5 $16 {Pogorelov,R-Conquest,S/Cordoba 1994/Inf 61 (24)}) (11... Nf6 12. e5
) (11... e5 $5) 12. d5 c4 13. Qxc4 Qxc4 14. Bxc4 Bxc3 15. Ba3 Nc5 16. Rbc1 Bg7
17. Bb5 Bg4 18. Bxc5 bxc5 19. Rxc5 f5 (19... Bxf3 $5 20. gxf3 Rab8) 20. Ng5
fxe4 21. h3 Bf5 22. g4 $14 {1-0 Hetey,L-Heinrich,T/Berlin 1995/CBM 47 ext (41)}
) (11. Re1 b6 12. Bg5 Re8 13. Qb3 Bb7 14. Bc4 e6 15. a4 Nf6 16. e5 Nd7 $6 (
16... Nd5) 17. Nd2 Bc6 18. Ne4 $14 {1-0 Paschall,W-Carrasco,P/Las Vegas 1995/
EXT 98 (54)}) (11. Qd3 $5) 11... e5 {Black's plan is to provoke d4-d5 and then
transfer his knight to the blockading d6 square.} 12. d5 Nf6 13. Nd2 ({Another
example from GM M.Turov's game:} 13. c4 Ne8 14. Bb2 Qe7 15. Nd2 Bd7 16. Bc3 Nd6
17. a4 Rac8 18. Qc2 Rfe8 19. Rbe1 f6 20. f3 Rc7 21. g3 Qd8 22. Rf2 Re7 23. Qa2
Qe8 24. Bc2 Rc8 25. f4 Bg4 26. Kg2 Qd7 27. f5 g5 28. h3 Bh5 29. g4 Be8 30. Nf3
$13 Bf8 $2 31. Nxg5 fxg5 32. f6 Rf7 33. Bxe5 h5 34. Bxd6 Bxd6 35. e5 Bb8 36.
Bf5 {1-0 Pelletier,Y-Turov,M/Kharkov 2001/CBM 83 (36).}) 13... b6 14. c4 Ne8
15. Bb2 Bd7 16. g3 f5 {This time Black tries a more active plan.} 17. exf5 (17.
f4 $5 {deserved attention but Black shuold not have any problems:} exf4 ({or} 
17... fxe4 18. Bxe4 {[%cal Rd5d6]} Nd6 19. fxe5 Nxe4 20. Nxe4 Bxe5) 18. Rxf4
Bxb2 19. Rxb2 Ng7 $11) 17... gxf5 18. f4 $6 {[%mdl 32] A wrong evaluation of
the position arising.} (18. Re1 $142 $5 {preventing} Nd6 {. If Black pushes ...
e5-e4, White will be able to attack this pawn with f2-f3.}) 18... e4 {This
passed pawn can be blocked but in the meantime Black obtains strong
counterplay.} 19. Bxg7 Kxg7 20. Be2 Nf6 21. Qb3 h5 $1 22. Rfd1 ({After} 22. h4
{Black can attack the g3 pawn.}) 22... h4 {Black now intends to double rooks
along the h-file.} 23. d6 $2 {A grave error. This pawn now becomes weak and
with two weaknesses (this pawn and the h-file) White gets into real trouble.}
Qc6 24. Nf1 Kf7 25. Ne3 Rh8 26. Qc3 hxg3 27. hxg3 Rh3 28. Nd5 $2 {A losing
move. White should try} (28. Kf2 Rh2+ 29. Ke1 Rg8 30. Nf1 Rg2 31. Qe3 {
although his position remained difficult.}) 28... Nxd5 29. Rxd5 Be6 ({Perhaps
it was more accurate to start with} 29... Rah8 30. Kf2 (30. Bf1 Rh1+ 31. Kf2
R8h2+ 32. Ke3 Rg1 33. Qe1 Qa4 $19) {and now play} 30... Be6 31. Rdd1 (31. Rd2
e3+ $1) 31... e3+ $1 32. Qxe3 Rh2+ 33. Ke1 Re8 {with a decisive attack.}) 30.
Qe5 ({White had now an additional defensive possibility} 30. Bf1 Rh6 (30...
Rxg3+ $5 31. Qxg3 Rg8 32. Qxg8+ Kxg8 33. Rd2 e3 34. Rd3 $1 Qf3 35. d7 Bxd7 36.
Rxd7 Qf2+ 37. Kh1 e2 38. Bxe2 Qxe2 $17) 31. Rd2 {[%cal Yf1g2] although after}
Rg8 {White can hardly organize successful defense.}) 30... Rah8 31. Kf2 Rh2+
32. Ke3 (32. Ke1 Qa4 {doesn't change much.}) 32... Qa4 {The decisive blow
comes from another side.} 33. Rd2 Qa3+ 0-1

[Event "EU-Cup 22nd"]
[Site "Fuegen"]
[Date "2006.10.09"]
[Round "2.1"]
[White "Gelfand, Boris"]
[Black "Ruck, Robert"]
[Result "1/2-1/2"]
[WhiteElo "2733"]
[BlackElo "2526"]
[Annotator "Krasenkow,M"]
[PlyCount "55"]
[EventDate "2006.10.08"]
[EventType "team-swiss"]
[EventRounds "7"]
[EventCountry "AUT"]
[SourceTitle "CBM 115"]
[Source "ChessBase"]
[SourceDate "2006.11.15"]
[SourceVersion "1"]
[SourceVersionDate "2006.11.15"]
[SourceQuality "1"]
[WhiteTeam "Cheboksary"]
[BlackTeam "Eynatten"]
[WhiteTeamCountry "RUS"]
[BlackTeamCountry "BEL"]

1. d4 Nf6 2. c4 g6 3. Nc3 d5 4. cxd5 Nxd5 5. e4 Nxc3 6. bxc3 Bg7 7. Nf3 c5 8.
Rb1 O-O 9. Be2 b6 10. O-O Bb7 11. Qd3 e6 12. Bg5 Qc7 13. Qe3 Nd7 14. Bd3 {
As 14.e5 brought nothing against Svidler in Dortmund (see CBM 114), GM Boris
Gelfand tries another plan.} Rac8 15. Rfd1 Nf6 (15... cxd4 16. cxd4 Qd6 {
, seizing the c-file, is more active:} 17. Bb5 Rc2 18. e5 Qd5 19. Ba4 Rc7 20.
Be7 Rfc8 21. Bd6 Rc3 22. Qe2 Nb8 $13 {1/2-1/2 Dyachkov,S-Naiditsch,A/Moscow
2006/CBM 112 (37)}) 16. h3 Qb8 17. Ne5 Qc7 {Demonstratively waiting?} 18. Bf4 (
18. Rdc1 $5 Nd7 19. Nc4) 18... Qe7 19. f3 cxd4 20. cxd4 Nd7 $1 21. Nc4 e5 {
It turns out that White hasn't made use of the tempi Black yielded him.} 22.
Bg5 Bf6 23. Bxf6 Qxf6 24. d5 {"Killing the b7 bishop but Blck obtains good
counterplay along the c-file.} (24. Be2 Rfd8) 24... Rc5 25. Nd2 Rfc8 26. Nb3
Rc3 27. Rbc1 Qd6 28. Qd2 1/2-1/2